00387nam a22001097a 4500003000400000100002100004245011600025260000900141942001200150952009800162999001700260SGT aNaveen-221001002 aA study of Awareness Among Secondary school students Tow Ards Environmental pollrtion and its remedial Solution c2022 2ddccTH 00102ddc40708FEaFEbFEcDISPLAYd2025-01-27pEDMD04r2025-01-27 00:00:00w2025-01-27yTH c29399d29399